000 00824nam a2200241 i 4500
001 30083
003 ES-MaACL
005 20250806034150.0
007 t|
008 030123s1985 sp ||||1| spa d
020 _a84-86153-41-7
100 1 _aBarroso Asenjo, Porfirio.
_926067
245 1 0 _aFundamentos deontológicos de las ciencias de la información
_b: prensa, radio, TV, cine, publicidad y relaciones públicas : manual para preparar oposiciones /
_cPorfirio Barroso Asenjo.
260 _aBarcelona :
_bMitre,
_c[1985]
300 _a319 p. ;
_c22 cm.
490 1 _aEnciclopedia de periodismo
500 _aÍndice.
504 _aBibliografía.
650 7 _aÉtica periodística
_2embne
_912588
830 1 _aEnciclopedia de periodismo
_9229321
852 _aES-MaACL
_jL-10520
999 _c30083
_d30083